[Event "Guillermo Garcia Memorial-A 08th"]
[Site "Santa Clara"]
[Date "2000.06.05"]
[Round "10"]
[White "Gonzalez Acosta, Bernal Manuel"]
[Black "Teran Alvarez, Ismael"]
[Result "1-0"]
[WhiteElo "2416"]
[BlackElo "2401"]
[Annotator "Ftacnik,L"]
[PlyCount "91"]
[EventDate "2000.05.24"]
[EventType "tourn"]
[EventRounds "13"]
[EventCountry "CUB"]
[EventCategory "9"]
[SourceTitle "CBM 078"]
[Source "ChessBase"]
[SourceDate "2000.10.18"]
[SourceVersion "1"]
[SourceVersionDate "2000.10.18"]
[SourceQuality "1"]

1. f4 d5 2. Nf3 g6 3. g3 c6 4. Bg2 Qb6 5. d3 Bg7 6. Nc3 Nh6 7. e4 dxe4 8. dxe4
Nd7 9. Qe2 e5 (9... O-O 10. e5 Nc5 11. a3 a5 12. Nd2 $14) 10. f5 $1 {The
standard sacrifice in similar positions is very unpleasant for black, since
his knight on h6 is misplaced and vulnerable.} gxf5 (10... O-O 11. Nd2) 11. Nd2
O-O (11... fxe4 $2 12. Nc4 Qc7 13. Nxe4 Nf5 14. Rf1 Nf6 (14... Nd4 15. Ned6+
$18) 15. Rxf5 Nxe4 16. Bxe4 Bxf5 17. Bxf5 $16) 12. Nc4 Qc7 (12... Qb4 13. a3
Qe7 14. Bxh6 Bxh6 15. exf5 $14) 13. O-O Nb6 (13... fxe4 14. Nxe4 f6 15. Ncd6
$14) 14. Bxh6 Bxh6 15. exf5 f6 (15... Nxc4 $5 16. Qxc4 Qb6+ 17. Kh1 Qxb2 18.
Ne4 (18. Be4 Bd2 19. Ne2 Qb5 $15) 18... Qd4 19. Qe2 f6 20. Rad1 Qb2 21. Qc4+
Kh8 $13) 16. Kh1 $1 Nxc4 17. Qxc4+ Qf7 18. Qe2 (18. Qxf7+ Kxf7 19. Rad1 Ke7 20.
Ne4 $14) 18... Bd7 19. Ne4 {[%mdl 16] In the ensuing pawn structure both black
bishops work with limited scope restricted also by the white knight on e4.} Qe7
(19... b5 $6 20. Rad1 $16) 20. Qc4+ Kh8 (20... Rf7 21. Rad1 b5 22. Qb3 Kh8 23.
Nd6 Rg7 24. Qc3 $16) 21. Nc5 Be3 (21... b5 22. Qc3 $16) 22. Nxb7 Rab8 23. Na5
Rxb2 24. Rad1 (24. Qd3 Bb6 25. Nc4 Rb4 26. c3 Ra4 $14) 24... Bb6 (24... c5 $2
25. Qc3 Rxa2 26. Qxe3 Rxa5 27. Qd2 $18) 25. Nb3 (25. Nxc6 Bxc6 26. Qxc6 Qc5 $1
$14) 25... Qf7 (25... Rxa2 26. Nc5 Bxc5 27. Qxa2 $16) 26. Qd3 {Black pieces
still lack proper coordination, so the weak c6 pawn can become vulnerable.} Rd8
(26... Be8 27. a4 $14) 27. a4 Be8 (27... Ra2 28. a5 Bxa5 29. Qa6 Rg8 30. Qxa7
Be8 31. Qxf7 Bxf7 32. Nxa5 Rxa5 33. Bxc6 $16) 28. Qc3 Ra2 (28... Rxd1 29. Rxd1
Ra2 30. a5 $1) 29. Rxd8 Bxd8 30. Rd1 Bb6 31. a5 $1 (31. Bxc6 $2 Qc7 $19) 31...
Bd4 (31... Bc7 32. Bxc6 $18) (31... Bf2 32. Rf1 $1 Bd4 33. Nxd4 exd4 34. Qxd4
Rxa5 (34... Rxc2 $6 35. Re1 $16) 35. Qd8 Re5 36. Bxc6 Kg7 37. Bxe8 Rxe8 38. Qd4
$16) 32. Nxd4 exd4 33. Rxd4 {All white pieces are stronger and extra pawn is
not hurting either.} (33. Qxd4 $6 Rxa5 $1 $14) 33... c5 34. Rd8 Kg7 (34... Qe7
$2 35. Rxe8+ Qxe8 36. Qxf6+ Kg8 37. Bd5+ $18) 35. Bd5 Qe7 36. Rxe8 Qxe8 37.
Bxa2 Qe4+ (37... Qe2 38. Qd3 $18) 38. Kg1 Qxf5 39. Qd3 Qe5 40. Qd7+ Kh6 41.
Qh3+ Kg7 42. Qg4+ Kf8 43. Qg8+ Ke7 44. Qxh7+ Kd6 45. Qd3+ Ke7 46. Kf2 1-0

[Event "Salou-A"]
[Site "Salou"]
[Date "2000.??.??"]
[Round "3"]
[White "Montell Lorenzo, Joan Carlos"]
[Black "Miladinovic, Igor"]
[Result "0-1"]
[WhiteElo "2327"]
[BlackElo "2563"]
[Annotator "Ftacnik,L"]
[PlyCount "77"]
[EventDate "2000.10.16"]
[EventType "tourn"]
[EventRounds "9"]
[EventCountry "ESP"]
[EventCategory "10"]
[SourceTitle "CBM 080"]
[Source "ChessBase"]
[SourceDate "2001.01.25"]
[SourceVersion "1"]
[SourceVersionDate "2001.01.25"]
[SourceQuality "1"]

1. f4 d5 2. Nf3 Nf6 3. g3 g6 4. Bg2 Bg7 5. O-O O-O 6. d3 c6 7. Nc3 d4 8. Ne4
Nd5 9. Qe1 Na6 10. a3 h6 11. Kh1 Be6 12. Rb1 (12. Ne5 Qc8 13. e3 Nxe3 14. Bxe3
dxe3 15. Qxe3 Bh3 16. d4 $11) 12... Qc8 13. c4 dxc3 (13... Nb6 14. e3 dxe3 15.
Qxe3 $14) 14. Nxc3 (14. bxc3 $2 f5 $17) 14... Nc5 {Black enjoys active pieces,
but white can hope for some action with his pawn chain in the center.} 15. Ne5
(15. Nxd5 cxd5 16. Be3 Nb3 17. Qb4 Qc2 $13) 15... Nd7 (15... Bh3 16. b4 Bxg2+
17. Kxg2 Nd7 $11) 16. e4 N5b6 (16... Nxc3 17. bxc3 Nxe5 18. fxe5 b6 19. d4 Bh3
$11) 17. Be3 (17. Nxd7 $6 Qxd7 18. Be3 Bg4 $15) 17... Nxe5 18. fxe5 Bxe5 19.
Bxh6 Rd8 20. Rd1 (20. Qe3 Qd7 21. Nd5 cxd5 22. exd5 Bxd5 23. Qxe5 Bxg2+ 24.
Kxg2 Qd5+ $15) 20... Bg4 21. Rd2 Qe6 22. Qf2 (22. Be3 Bd4 23. Qf2 Bxe3 (23...
c5 24. Bxd4 Rxd4 25. Nb5 Rd7 26. Qxc5 $16) 24. Qxe3 Rd6 25. Rdf2 $14) 22... Bd4
23. Qf4 $6 {The attack will not get through and the infelexible structure
d3-e4 will cost white dearly.} (23. Be3 $1 $14) 23... f6 24. Ne2 (24. h4 Rd7
$15) 24... Be5 25. Qe3 Qb3 26. Nc1 (26. d4 $2 Qxe3 27. Bxe3 Nc4 $19) 26... Qb5
27. h3 Be6 (27... Bd4 28. Qf4 Be6 29. Ne2 Qh5 $15) 28. Qf2 c5 29. Bf4 (29. Be3
Na4 30. Rc2 b6 $15) 29... Bd4 30. Be3 Qd7 31. Bxd4 (31. g4 g5 (31... Bxe3 32.
Qxe3 Nc4 33. Qh6 $1 Nxd2 34. Qxg6+ Kf8 35. Qh6+ Ke8 36. Qh5+ $11) 32. b3 Rac8
$15) 31... Qxd4 32. Qf4 $2 (32. Qxd4 Rxd4 33. Ne2 Rd7 34. Rc2 $11) 32... g5 33.
Qf3 Nc4 34. Rc2 (34. Rdd1 Nxb2 $17) 34... Ne5 {It becomes clear, that white
has lost strategical fight.} (34... Nxb2 35. Ne2 Qe5 36. d4 cxd4 37. Rxb2 d3
38. Rxb7 dxe2 39. Qxe2 Qxg3 40. Rxe7 Bxh3 41. Qa2+ Kh8 42. Rxf6 $14) (34... Ne3
35. Ne2 Qa4 36. Rxc5 Nxf1 37. Bxf1 Qd7 $17) 35. Qf2 b6 36. Rd1 (36. Rc3 Qxf2
37. Rxf2 Rd4 $17) 36... c4 37. Qxd4 Rxd4 38. Rc3 Rad8 39. Bf1 (39. Bf1 Rxe4 40.
b3 cxb3 41. Nxb3 Re3 $19) 0-1

[Event "Capablanca Memorial Elite 34th"]
[Site "Havana"]
[Date "1999.05.08"]
[Round "2"]
[White "Comas Fabrego, Luis"]
[Black "De la Paz Perdomo, Frank"]
[Result "0-1"]
[WhiteElo "2541"]
[BlackElo "2495"]
[Annotator "Ftacnik,L"]
[PlyCount "50"]
[EventDate "1999.05.??"]
[EventType "tourn"]
[EventRounds "13"]
[EventCountry "CUB"]
[EventCategory "12"]
[SourceTitle "CBM 071"]
[Source "ChessBase"]
[SourceDate "1999.08.01"]
[SourceVersion "1"]
[SourceVersionDate "1999.08.01"]
[SourceQuality "1"]

1. g3 g6 2. Bg2 Bg7 3. f4 d5 4. Nf3 Nf6 5. O-O O-O 6. d3 c5 7. Nc3 Nc6 8. h3 d4
9. Ne4 Nxe4 10. dxe4 e5 11. f5 (11. e3 Qb6 12. f5 gxf5 13. exf5 Bxf5 14. Nh4
Bg6 15. e4 Rad8 16. Rf2 d3 17. c3 c4 18. Qe1 Ne7 19. Be3 Qc7 20. Qd2 f5 {
0-1 Patrick,D-Westerinen,H/Lewisham/1981/ (42)}) 11... gxf5 12. exf5 e4 $5 (
12... Bxf5 13. Nh4 Bg6 14. Nf5 f6 15. g4 Qd7 16. Qd3 Kh8 17. Be4 Ne7 18. Bd2
Rad8 19. Nxe7 Bxe4 20. Qxe4 Qxe7 21. Rf5 Rf7 22. Raf1 Qe6 23. g5 {1-0 Lupu,
M-Rodriguez,A/Manresa/1996/ (62)}) 13. Ng5 (13. Nd2 e3 14. Ne4) 13... e3 {
Instead of accepting the pawn on f5 black prefers to limit white pieces with
advanced pawn chain c5-d4-e3.} 14. Ne4 (14. h4 Qe7 15. Ne4 Be5 $17) 14... Be5
$1 15. c3 (15. Nxc5 Bxg3 16. Ne4 Qh4 (16... Bb8 17. c3 Qc7 18. Nf6+ Kh8 19. Rf3
Qd6 20. Ng4 h5 21. Qe1 hxg4 22. Qh4+ Kg7 23. Qxg4+ Kh7 24. Qh5+ Qh6 25. Qxh6+
Kxh6 26. cxd4 Rd8 27. Bxe3+ Kh7 $15) 17. Nxg3 Qxg3 18. c3 Kh8 19. Rf3 Qg5 20.
cxd4 Rg8 21. Qf1 Nxd4 22. Rxe3 Bxf5 $17) 15... b6 16. cxd4 (16. Nxc5 bxc5 17.
Bxc6 Rb8 18. cxd4 cxd4 $17) 16... cxd4 17. b3 Ba6 $1 (17... d3 18. Rb1 Ba6 19.
exd3 Qxd3 20. Qxd3 Bxd3 21. Bxe3 $13) 18. Ba3 (18. Nc5 $2 bxc5 19. Bxc6 Rc8 20.
Bg2 d3 $19) 18... Re8 19. Rc1 Rc8 20. f6 $2 {Comas Fabrego obviously still
entertains hopes for a kingside attack, but the reality is unfavourable for
him.} (20. Kh2 $5 $15) 20... Qd7 21. Kh2 Kh8 $1 22. h4 $2 (22. Ng5 Rg8 $1 23.
Bxc6 Rxc6 24. Rxc6 Rxg5 $19) (22. Bf3 Rg8 23. Bg4 Rxg4 24. hxg4 Qxg4 $19) (22.
Rf3 $5 Rg8 23. Bb2 $17) 22... Qg4 23. Bf3 Qxh4+ 24. Kg2 Rg8 25. Qe1 Bxe2 $1 (
25... Bxe2 $1 26. Bxe2 (26. Qxe2 Rxg3+ 27. Nxg3 Qxg3+ 28. Kh1 Qh3+ 29. Kg1 Rg8+
$19) 26... Qxe4+ 27. Rf3 Bxg3 $19) 0-1

[Event "EU-Cup 19th"]
[Site "Rethymno"]
[Date "2003.10.01"]
[Round "4.1"]
[White "Fahrner, Kurt"]
[Black "Polzin, Rainer"]
[Result "0-1"]
[WhiteElo "2369"]
[BlackElo "2464"]
[Annotator "Ftacnik,L"]
[PlyCount "64"]
[EventDate "2003.09.28"]
[EventType "team-swiss"]
[EventRounds "7"]
[EventCountry "GRE"]
[SourceTitle "CBM 098"]
[Source "ChessBase"]
[SourceDate "2004.02.03"]
[SourceVersion "1"]
[SourceVersionDate "2004.02.03"]
[SourceQuality "1"]
[WhiteTeam "Graz Austria"]
[BlackTeam "Berlin SF"]
[WhiteTeamCountry "AUT"]
[BlackTeamCountry "GER"]

1. f4 d5 2. g3 h5 3. Nf3 Bg4 4. Bg2 Nd7 5. Nc3 c6 6. d3 Ngf6 7. O-O (7. e4 dxe4
8. dxe4 e5 9. h3 Bxf3 10. Qxf3 Bc5 11. Bd2 Qe7 12. O-O-O O-O-O 13. f5 Nb6 14.
Bf1 Rd4 15. Be2 Na4 16. Nxa4 Rxa4 17. Bg5 Rxa2 18. Kb1 Ra4 19. Rd3 Qc7 20. Bxf6
Qa5 21. c3 gxf6 {0-1 Kostanjsek,Z-Cebalo,M/Pula 1993/ (41)}) 7... Qc7 8. e4 $6
{It could be more cautious to force black into parting with his white squared
bishop with 8.h3.} (8. h3 Bxf3 9. Bxf3 O-O-O 10. e4 dxe4 11. Nxe4 $11) 8...
dxe4 9. dxe4 e5 10. h3 (10. fxe5 Qb6+ 11. Kh1 Nxe5 12. Qd4 Qxd4 13. Nxd4 h4 14.
Bf4 Nfd7 $17) 10... Bc5+ 11. Kh1 (11. Kh2 h4 12. hxg4 Nxg4+ 13. Kh3 Nf2+ 14.
Rxf2 Bxf2 (14... hxg3+ 15. Kxg3 exf4+ 16. Bxf4 Bxf2+ 17. Kxf2 Qxf4 18. Qd4 f6
19. Rd1 $14) 15. g4 exf4 $17) 11... h4 $1 {[%mdl 4] White has mismanaged the
opening and black has better pieces and a strong attack.} 12. Qe1 (12. hxg4
hxg3+ 13. Bh3 Rxh3+ 14. Kg2 Rh8 15. g5 Ng4 16. Kxg3 Ne3 17. Bxe3 Bxe3 18. f5
Bd4 19. Qd2 O-O-O $17) (12. gxh4 Rxh4 13. Qd3 Rxh3+ 14. Bxh3 Bxh3 15. Rd1 Ng4
$17) 12... Bxf3 13. Rxf3 (13. Bxf3 O-O-O 14. g4 exf4 15. g5 Nh7 16. Bg2 Bd6 17.
Qxh4 f6 18. gxf6 g5 19. Qg4 Kb8 $19) 13... Nh5 $1 (13... hxg3 14. Qxg3 Nh5 15.
Qg4 exf4 16. Bxf4 Nxf4 17. Rxf4 g6 18. Raf1 Ne5 $17) 14. gxh4 (14. g4 Nxf4 15.
Na4 Bd6 $17) 14... Nxf4 15. Bxf4 (15. Qg3 Nh5 16. Qg5 Be7 $19) 15... exf4 16.
e5 Be3 (16... Nxe5 17. Rxf4 O-O-O 18. Qg3 g6 $17) 17. Nd1 Nxe5 18. Rf1 {
A more experienced player would have chosen a more venomous move 18.Nxe3!?
with some survival chances.} (18. Nxe3 $5 fxe3 (18... Nxf3 19. Nd5+ Nxe1 20.
Nxc7+ Kd7 21. Nxa8 Nxg2 22. Kxg2 Rxa8 23. Rf1 Rd8 24. Rxf4 Ke7 $17) 19. Qxe3
Rxh4 20. Re1 f6 $17) 18... Bb6 19. Rxf4 O-O-O 20. Re4 Ng6 21. Nc3 (21. Ne3 Bd4
22. c3 Bf6 23. Rd1 Nxh4 $19) 21... f5 22. Rc4 Rde8 23. Qd2 (23. Qf1 Nxh4 24.
Nd5 Qd8 25. Rd1 g6 $19) 23... Nxh4 24. Nb5 Qg3 25. Nd6+ Kb8 26. Nxe8 $2 {
Great innacuracy in a bad position, now black wins without any effort.} (26.
Rxh4 Qxh4 27. Nxe8 Rxe8 28. Rf1 Qf6 29. Qd7 Re5 $19) 26... Nxg2 $1 27. Qd6+ (
27. Qxg2 Rxh3+ 28. Qxh3 Qxh3#) 27... Qxd6 28. Nxd6 Ne3 29. Rc3 (29. Rb4 Kc7 30.
Rxb6 axb6 31. Nf7 Rxh3+ 32. Kg1 Nxc2 $19) 29... Rxh3+ 30. Kg1 Nxc2+ 31. Kf1
Rxc3 32. Nxf5 (32. bxc3 Nxa1 $19) 32... Rf3+ 0-1

[Event "About.com/ICC GM m"]
[Site "ICC INT"]
[Date "1999.11.06"]
[Round "1"]
[White "Morozevich, Alexander"]
[Black "Svidler, Peter"]
[Result "0-1"]
[WhiteElo "2758"]
[BlackElo "2684"]
[Annotator "Ftacnik,L"]
[PlyCount "64"]
[EventDate "1999.11.06"]
[EventType "match"]
[EventRounds "2"]
[EventCountry "USA"]
[SourceTitle "CBM 074"]
[Source "ChessBase"]
[SourceDate "2000.02.01"]
[SourceVersion "1"]
[SourceVersionDate "2000.02.01"]
[SourceQuality "1"]

1. f4 d5 2. Nf3 g6 3. g3 Bg7 4. Bg2 Nf6 5. O-O c5 6. d3 Nc6 7. Nc3 d4 8. Na4
Nd7 9. c4 O-O 10. e4 dxe3 11. Bxe3 Nd4 (11... Rb8 12. d4 cxd4 13. Nxd4 Nxd4 14.
Bxd4 b5 15. cxb5 Rxb5 16. Bc6 Rb4 17. Bxg7 Kxg7 18. a3 Rc4 19. Bb5 Re4 20. Re1
Rxe1+ 21. Qxe1 Nf6 {0-1 Gurevich,M-Butnorius,A/Severodonetsk/1982/ (31)}) (
11... Qc7 12. Rb1 b6 13. d4 cxd4 14. Nxd4 Bb7 15. Nb5 Qc8 16. Bh3 Rd8 17. b4
Nxb4 18. Rxb4 Qc6 19. Qd5 Qc8 20. Qd2 a5 21. Nxb6 Qc6 22. Nd5 Kh8 23. Nd4 Qc8
24. Nxe7 Qc7 25. Rxb7 {1-0 Lim,M-Rachels,S/Adelaide/1988/ (25)}) (11... Qa5 12.
a3 Rd8 13. Rb1 Nb6 14. Nxb6 axb6 15. Qe2 Bg4 16. h3 Bf5 17. Rfd1 Rd6 18. g4 Be6
19. Ng5 Rad8 20. Ne4 R6d7 {1/2-1/2 Grunberg,M-Pham Minh Hoang/Budapest/ 1998/ 
(86)}) 12. Rb1 (12. Nc3) 12... Rb8 (12... Nf5 13. Bf2 Qc7 14. b4 cxb4 15. Rxb4
Rd8 16. Re1 $14) 13. b4 Nxf3+ 14. Bxf3 (14. Qxf3 cxb4 15. Rxb4 b6 16. d4 Nf6
$13) 14... cxb4 15. Rxb4 (15. Bxa7 $2 Ra8 16. Be3 Qa5 17. Nb2 Qxa2 $17) 15...
b6 16. d4 Nf6 (16... e6 17. Nc3 Bb7 18. Bxb7 Rxb7 19. Qf3 $14) 17. Nc3 h5 $5 {
[%mdl 32] Black's concept deserves serious attention. Svidler understands,
that he has hardly any weaknesses, but white set up is quite ambitious.} (17...
e6 18. Qd3 Bb7 19. Bxb7 Rxb7 20. Rd1 Ng4 $11) 18. d5 Ng4 19. Bd4 (19. Bxg4 Bxg4
20. Qd2 Rc8 21. Bd4 $11) 19... e5 $1 20. fxe5 Nxe5 21. Bg2 $6 (21. Be2 Re8 22.
c5 Bh3 23. Rf4 bxc5 24. Rxb8 Qxb8 25. Bxc5 Bg4 $15) 21... Bg4 22. Qd2 (22. Qb3
Nd3 23. Bxg7 Kxg7 24. Rb5 a6 $17) 22... Rc8 {Black pieces have sprung to life
with maximum effect, white is in big trouble.} 23. Nb5 (23. Bxe5 Bxe5 24. Nb5
a6 25. Nd4 (25. Na7 $2 Rc7 26. Nc6 Rxc6 $19) 25... Qd6 $17) 23... a5 24. Rb3 (
24. Bxe5 axb4 25. Bxg7 Kxg7 26. Qxb4 f6 $15) 24... Rxc4 25. Rf4 (25. Qf2 a4 26.
Bxb6 Qd7 27. Rbb1 Bf5 $19) 25... Qc8 $1 26. Nd6 (26. Bxb6 Rc1+ 27. Rf1 (27. Bf1
a4 $17) 27... Rxf1+ 28. Bxf1 a4 29. Re3 Nf3+ 30. Rxf3 Bxf3 $19) 26... Rc1+ 27.
Rf1 (27. Kf2 Rc2 28. Nxc8 Rxd2+ 29. Ke3 Re2#) 27... Rxf1+ 28. Bxf1 (28. Kxf1
Qc7 29. Nb5 Qc4+ $17) 28... Qd8 29. Bxe5 (29. Nc4 Qxd5 $19) 29... Bxe5 30. Nc4
Bg7 $5 {The attacker rather keeps his bishop on a1-h8 diagonal for the further
blow from d4 square.} (30... Bd6 31. Nxd6 Qxd6 $17) 31. Rxb6 (31. Nxb6 Re8 32.
d6 Re4 $1 33. Nc4 a4 34. Ra3 Bd4+ 35. Kh1 Qf6 $19) 31... Re8 32. Rc6 Re4 $1 (
32... Re4 $1 33. Qxa5 Bd4+ 34. Kg2 Qe8 $1 35. Qd2 (35. Nd6 Re2+ $19) 35... Re2+
36. Bxe2 Qe4+ 37. Kf1 Qh1#) 0-1

[Event "NED-GER m"]
[Site "Venlo"]
[Date "2000.08.26"]
[Round "3.6"]
[White "Reinderman, Dimitri"]
[Black "Luther, Thomas"]
[Result "0-1"]
[WhiteElo "2551"]
[BlackElo "2547"]
[Annotator "Ftacnik,L"]
[PlyCount "62"]
[EventDate "2000.08.24"]
[EventType "team"]
[EventRounds "4"]
[EventCountry "NED"]
[SourceTitle "CBM 079"]
[Source "ChessBase"]
[SourceDate "2000.11.21"]
[SourceVersion "1"]
[SourceVersionDate "2000.11.21"]
[SourceQuality "1"]
[WhiteTeam "Netherlands"]
[BlackTeam "Germany"]
[WhiteTeamCountry "NED"]
[BlackTeamCountry "GER"]

1. f4 d5 2. c3 Nf6 3. d3 g6 4. Nf3 Bg7 5. g3 O-O 6. Bg2 b6 7. O-O Bb7 8. h3 c5
9. Qe1 Nc6 10. e4 dxe4 11. dxe4 e5 $1 12. f5 (12. fxe5 Nd7 13. Bg5 Qc7 $15)
12... Qd3 13. Nbd2 (13. Nfd2 Rad8 14. Rf3 Qd7 15. Na3 Ne7 $15) 13... Rad8 14.
g4 gxf5 15. gxf5 $6 {White pieces are somewhat subdued and black now gets a
chance to use f4 square for the knight.} (15. exf5 $5 e4 16. Ng5 e3 17. Nde4 e2
18. Rf2 Ba6 $36 19. Bf3 Nxe4 20. Nxe4 Ne5 21. Qxe2 Nxf3+ 22. Qxf3 Bb7 23. Qxd3
Rxd3 24. Re2 Rxh3 25. Kg2 Rd3 $15) 15... Nh5 $1 16. Qh4 Nf4 17. Ng5 h6 18. Ndf3
(18. f6 Qe3+ $1 19. Kh2 (19. Qf2 Qxf2+ 20. Rxf2 Bxf6 $19) 19... Nxg2 20. Qg4
Qxg5 21. fxg7 Kxg7 22. Qxg2 Qxg2+ 23. Kxg2 Ne7 $17) 18... Nxg2 19. Kxg2 Rd6 $1
{[%mdl 256] The knight from g5 has nowhere to go and black subtly combines
attack and the defense.} 20. Rg1 (20. Qg4 hxg5 21. Bxg5 f6 22. Bh6 Rf7 $19)
20... hxg5 21. Nxg5 (21. Bxg5 Qe2+ 22. Kg3 f6 23. Bh6 Qxb2 24. Bxg7 Kxg7 25.
Rab1 Qxa2 26. Ra1 Qc2 27. Rac1 Qb2 28. Rb1 Qxc3 29. Kf2+ Kf7 30. Qh7+ Ke8 $19)
21... Rh6 22. Qg4 Ba6 23. Kf2 (23. Ne6 $1 Rxe6 24. fxe6 Qe2+ 25. Qxe2 Bxe2 26.
Kf2 Bh5 27. Bh6 Bg6 28. Bxg7 Kxg7 29. exf7 Rxf7+ $17) 23... Qc2+ 24. Ke1 (24.
Kg3 Rd8 25. Nf3 Rh7 26. f6 Bc8 $19) 24... Rh4 $1 {Not only is black enjoying
extra piece, but white king on e1 is under mating attack.} 25. Qf3 (25. Qxh4
Qe2#) 25... Rd8 26. f6 Rd3 27. Be3 (27. Qe2 Qxe2+ 28. Kxe2 Rg3+ 29. Kf2 Rxg1
30. Kxg1 Bxf6 $19) 27... Rf4 28. Nxf7 (28. Qe2 Qxe2+ 29. Kxe2 Rxf6 $19) 28...
Rxf3 29. Nh6+ (29. Rxg7+ Kf8 $19) 29... Kf8 30. fxg7+ Ke7 31. g8=Q (31. g8=N+
Kf8 $19) 31... Rdxe3# 0-1

[Event "DEN-ch"]
[Site "Aalborg"]
[Date "2000.04.24"]
[Round "9"]
[White "Danielsen, Henrik"]
[Black "Pedersen, Steffen"]
[Result "1-0"]
[WhiteElo "2514"]
[BlackElo "2454"]
[Annotator "Ftacnik,L"]
[PlyCount "69"]
[EventDate "2000.04.15"]
[EventType "tourn"]
[EventRounds "9"]
[EventCountry "DEN"]
[EventCategory "11"]
[SourceTitle "CBM 077"]
[Source "ChessBase"]
[SourceDate "2000.07.27"]
[SourceVersion "1"]
[SourceVersionDate "2000.07.27"]
[SourceQuality "1"]

1. f4 d5 2. Nf3 g6 3. g3 Bg7 4. Bg2 Nh6 5. d3 c5 6. O-O Nc6 7. e4 dxe4 8. dxe4
Qxd1 9. Rxd1 e5 10. Nc3 O-O 11. Nd5 (11. Nxe5 Nxe5 12. fxe5 Ng4 $13) 11... Bg4
12. c3 f5 $1 13. Re1 (13. h3 $5 fxe4 14. hxg4 exf3 15. Bxf3 exf4 16. gxf4 Rae8
(16... Rf7 17. Be3 c4 (17... Ne5 18. fxe5 Rxf3 19. Kg2 $16) 18. b3 $14) 17. Be3
b6 18. Re1 $14) 13... fxe4 $6 {Serious tactical omission, white will get an
extra pawn with a good control of the position.} (13... exf4 14. Bxf4 fxe4 15.
Ng5 Rad8 16. Bxe4 $14) 14. Nxe5 $1 Nxe5 15. fxe5 Bf3 (15... Rad8 16. Bxe4 Nf7
17. Nf6+ Bxf6 18. exf6 $16) 16. Bxh6 $1 Bxh6 17. Nf6+ Kg7 18. Nxe4 Bxe4 (18...
Bxg2 19. Kxg2 Rad8 20. Rad1 $18) 19. Bxe4 Rf7 $6 (19... Rad8 $1 20. Re2 (20. e6
Rfe8 21. Bxb7 Rd6 22. e7 Bd2 $1 23. Re2 Rd7 24. Bc6 Rexe7 $14) 20... b6 21. Bc6
Kf7 22. Bb5 $16) 20. Rad1 Re8 21. Rd5 b6 (21... c4 22. Bg2 a6 23. a4 Kf8 24.
Rd6 Bg7 25. e6 $18) 22. Bd3 $1 Ree7 23. Kg2 Rf8 24. Bb5 $16 {[%mdl 4096] The
combined power of white e5 pawn and white squared bishop takes loads of
squares from black.} Rf5 25. Re2 Rf8 26. a4 Rb8 $6 (26... Rf5 27. h4 Rf8 28.
Kh3 $18) 27. Rd6 (27. Kf3 $1 Rf8+ 28. Ke4 Rf5 29. Bd7 Rff7 30. e6 Rf1 31. Ke5
Rf5+ 32. Kd6 Rxd5+ 33. Kxe7 $18) 27... Kh8 (27... Rf8 28. h4 $18) 28. Kf3 $1
Rf8+ (28... Bg7 29. e6 Rf8+ 30. Ke4 Kg8 31. Kd5 Rf5+ 32. Kc6 $18) 29. Ke4 Rf5
30. Kd5 Bf8 (30... Bg7 31. Rd8+ Rf8 32. Kd6 $1 $18) 31. Rd8 Kg7 32. Bd7 Rf1 33.
Kc6 Ref7 (33... Rd1 34. e6 c4 35. Ra8 $18) 34. e6 R7f2 35. Rxf8 $1 (35. Rxf8 $1
Rxf8 36. e7 $18) 1-0